Marketing management : (Record no. 12147)

MARC details
000 -LEADER
fixed length control field 00946 a2200205 4500
010 ## - LIBRARY OF CONGRESS CONTROL NUMBER
LC control number ENG-90137
020 ## - INTERNATIONAL STANDARD BOOK NUMBER
International Standard Book Number 818412015X
Terms of availability 275.00
035 ## - SYSTEM CONTROL NUMBER
System control number EN-73670
037 ## - SOURCE OF ACQUISITION
Source of stock number/acquisition DBAD / PUB
082 14 - DEWEY DECIMAL CLASSIFICATION NUMBER
Classification number 658.8
090 ## - LOCALLY ASSIGNED LC-TYPE CALL NUMBER (OCLC); LOCAL CALL NUMBER (OCLC)
-- 12507
-- 12507
100 1# - MAIN ENTRY--PERSONAL NAME
Personal name Sarangi, S.K.
245 1# - TITLE STATEMENT
Title Marketing management :
Statement of responsibility, etc by S.K. Sarangi
Remainder of title (a comprehensive marketing management textbook of BBA, BBS. PGDM, MBA & M-PHIL programmes of Indian universities and B.School, The book is useful for marketing managers and corporate leaders)/
260 ## - PUBLICATION, DISTRIBUTION, ETC. (IMPRINT)
Place of publication, distribution, etc New Delhi
Name of publisher, distributor, etc Asian Books
Date of publication, distribution, etc 2006
270 ## - ADDRESS
Address 7/28, Mahavir Lane, Vardan House, Ansari Road, Darya Ganj
City New Delhi
Postal code 110002
Telephone number 011-23287577, 011-23282098
Electronic mail address asian@asianbooksindia.com
300 ## - PHYSICAL DESCRIPTION
Extent xxi, 590p.
Dimensions 24 cm. (Pbk)
500 ## - GENERAL NOTE
General note Includes bibliographical references & index.
942 ## - ADDED ENTRY ELEMENTS (KOHA)
Institution code [OBSOLETE] dpl
Koha item type English Books
Call number prefix 658.8 / SAR
Holdings
Withdrawn status Lost status Source of classification or shelving scheme Damaged status Not for loan Collection code Home library Current library Source of acquisition Cost, normal purchase price Total Checkouts Full call number Barcode Date last seen Copy number Uniform Resource Identifier Cost, replacement price Price effective from Koha item type
    Dewey Decimal Classification   Not For Loan Non-fiction D.B.Act.Division D.B.Act.Division DBAD/PUB 275.00   658.8 SAR EN-73670 15/09/2008 1 13308 275.00 15/09/2008 English Books

© Delhi Public Library
Hit Counter
free hit counter